Champions League Clubs Top Scorers - 2010's - Statistics

General Stats
  • This quiz has been taken 114 times
    93 since last reset
  • The average score is 47 of 82
Answer Stats
Answer % Correct
Robert Lewandowski
100%
Cristiano Ronaldo
99%
Edinson Cavani
99%
Karim Benzema
99%
Lionel Messi
99%
Luis Suarez
99%
Neymar
99%
Zlatan Ibrahimovic
99%
Sergio Aguero
97%
Thomas Muller
96%
Gabriel Jesus
95%
Mario Mandzukic
92%
Didier Drogba
91%
Gonzalo Higuain
90%
Pierre-Emerick Aubameyang
89%
Eden Hazard
87%
Harry Kane
87%
Romelu Lukaku
87%
Edin Dzeko
86%
Robin van Persie
86%
Antoine Griezmann
85%
Mario Gomez
85%
Diego Costa
84%
Joao Felix
84%
Mauro Icardi
84%
Memphis Depay
80%
Mohamed Salah
80%
Willian
80%
Ezequiel Lavezzi
78%
Lucas Moura
78%
Achraf Hakimi
76%
Chicharito
76%
Nicolas Anelka
75%
Ciro Immobile
73%
Dries Mertens
73%
Heung-min Son
71%
Olivier Giroud
71%
Cesc Fabregas
70%
Carlos Tevez
67%
Klaas-Jan Huntelaar
65%
Raphaël Guerreiro
65%
Alexandre Pato
59%
Kaka
59%
Theo Walcott
59%
Daniele De Rossi
56%
Lukas Podolski
56%
Raul
56%
Fernando Torres
54%
Tammy Abraham
54%
Hulk
52%
Jack Wilshere
52%
Jackson Martinez
48%
Luiz Adriano
47%
Wilfried Bony
46%
Peter Crouch
41%
Vincent Aboubakar
39%
Denis Cheryshev
35%
Julian Draxler
32%
Fabio Quagliarella
30%
Andre Silva
29%
Nabil Bentaleb
28%
Artem Dzyuba
25%
Maxwel Cornet
25%
Moussa Marega
24%
Nico Gaitán
22%
Alex Frei
20%
Bafétimbi Gomis
19%
Alex Teixeira
16%
Oscar Cardozo
14%
Bernard
13%
Jonas
9%
Marco Borriello
9%
Roberto Soldado
9%
Eduardo Salvio
8%
Eren Derdiyok
8%
Michel Bastos
8%
Derlis González
6%
Dimitri Oberlin
6%
Eduardo
6%
Simon Rolfes
6%
Roman Shirokov
4%
Vladlen Yurchenko
4%
No matching quizzes found
Score Distribution
Percent of People with Each Score
Percentile by Number Answered
Your Score History
You have not taken this quiz since the last reset